Lances entre caballeros (Record no. 38202)

MARC details
000 -LEADER
campo de control de longitud fija 00851nam a2200205 i 4500
001 - NÚMERO DE CONTROL
campo de control 38202
003 - IDENTIFICADOR DE NÚMERO DE CONTROL
campo de control ES-MaACL
005 - FECHA Y HORA DE LA ÚLTIMA TRANSACCIÓN
campo de control 20250910063058.0
007 - CAMPO FIJO DE DESCRIPCIÓN FÍSICA--INFORMACIÓN GENERAL
campo de control de longitud fija t|
008 - DATOS DE LONGITUD FIJA--INFORMACIÓN GENERAL
campo de control de longitud fija 030224s1900 sp a |||| | spa d
080 ## - NÚMERO DE LA CLASIFICACIÓN DECIMAL UNIVERSAL
Número de la Clasificación Decimal Universal 394.84(460)(091)
100 0# - ENTRADA PRINCIPAL--NOMBRE DE PERSONA
Nombre de persona Cabriñana, Julio Urbina y Ceballos-Escaleras,
Títulos y otros términos asociados al nombre Marqués de
9 (RLIN) 33331
245 10 - MENCIÓN DEL TÍTULO
Título Lances entre caballeros
Resto del título : este libro contiene una reseña histórica del duelo y un proyecto de bases para la redacción de un código del honor en España /
Mención de responsabilidad, etc. Cabriñana ; corregido y anotado por los Sres. José Echegaray, Duque de Tamames ... [et al.].
260 ## - PUBLICACIÓN, DISTRIBUCIÓN, ETC.
Lugar de publicación, distribución, etc. Madrid :
Nombre del editor, distribuidor, etc. s.n.,
Fecha de publicación, distribución, etc. 1900 (
Fabricante Suc. Rivadeneyra)
300 ## - DESCRIPCIÓN FÍSICA
Extensión 489 p. :
Otras características físicas il. ;
Dimensiones 26 cm.
650 #4 - PUNTO DE ACCESO ADICIONAL DE MATERIA--TÉRMINO DE MATERIA
Término de materia o nombre geográfico como elemento de entrada Duelos-
Subdivisión geográfica España.
9 (RLIN) 155858
700 1# - ENTRADA AGREGADA--NOMBRE PERSONAL
Nombre de persona Echegaray, José,
Fechas asociadas al nombre 1832-1916
9 (RLIN) 46526
852 ## - LOCALIZACIÓN
Ubicación ES-MaACL
Número de control de estantería F-1308
Holdings
Estatus retirado Estado de pérdida Estado de daño No para préstamo Colección Biblioteca de origen Biblioteca actual Ubicación en estantería Fecha de adquisición Fuente de adquisición Total de préstamos Signatura topográfica completa Código de barras Visto por última vez Precio de reemplazo Tipo de ítem Koha
        Libros del s. XIX Biblioteca del Ateneo de Madrid Biblioteca del Ateneo de Madrid Depósito 2 17/01/2008     F-1308 1040215 23/02/2023 23/02/2023 Libro impreso antiguo